000 00506nam a22001577a 4500
999 _c130148
_d130148
008 200121b ||||| |||| 00| 0 eng d
050 _aPR3588.P6 1970
100 _aPointon, Marcia R.
_948950
245 _aMilton and English art
_cMarcia R. Pointon
260 _aManchester
_bManchester University Press
_c1970
300 _axviii, 276p. ;
_c23cm.
600 _aMilton, John
_cInfluence
_948951
600 _aMilton, John
_cIllustrations
_948952
650 _aArt, English
_948953
942 _2lcc
_cMONOGRAPH